000
00294nam a22001337a 4500
008
171103b xxu||||| |||| 00| 0 eng d
020
_a
9780471390510
041
_a
eng
080
_a
339.138
100
_a
60
101
_a
MAR
245
_a
INTERNET MARLETING
_c
CHARLES.F.H
942
_2
udc
_c
BK
999
_c
37552
_d
37552